Supa strikas - Quiz - Statystyki

Ogólne statystyki
  • Ten quiz został rozwiązany 363 razy
  • Średni wynik to 22 z 54
Statystyki odpowiedzi
Pytanie Odpowiedź % Poprawnych
3. A bramkarzem? Wielki bo
95%
(bez okularów się nie rusza) El Matador
93%
2. Kto jest ich kapitanem? Gibki rasta
92%
4. Wymień napastników (supa strikas)
(gra z numerem 10)
Shaker
89%
6. Wymień obrońców (supa strikas)
(wielki jak dąb)
Ściana
88%
1. Jak się nazywa stadion supa strikas? Strikaland
88%
(umie zrobić odwrócone tornado) Skrętny Tygrys
85%
(jest blondynem) Klaus
83%
5. A teraz pomocnicy (pochodzi z jamajki) Gibki Rasta
78%
(tylko on tak umie podkręcać piłkę) Luźny Joe
77%
11. Kto jest największym rywalem supa strikas? Niepokonani United
76%
13. Jaką pluszową zabawkę ma Ściana pluszowego misia
62%
(jego powiedzonko to: bracia obrońcy) North Shaw
57%
22. Kto owija ręce bandażami? Skrętny Tygrys
55%
19. Jaki bramkarz obronił pociąg duchów? Wielki Bo
54%
9. Jakiego koloru są stroje supa strikas? Czerwono-białe
51%
23. Co jest popisowym strzałem shakera? Gol z przewrotki, wkrętka
49%
31. Jaka jest pasja luźnego joe? Muzyka
49%
40. Jak ma na imię przyjaciel Shakera, który bawi się w detektywa? Spenza
47%
10. Kto jest ich największym fanem? Supa Fran
45%
(ma świetny wzrok) Sokole Oko
44%
30. Hobby North Shawa? Surfing
43%
Żelazne Czołgi
38%
(kobieta) Brenda
37%
36. Ulubione jedzenie klausa? Strudel
37%
43. Jak mają na imię komentatorzy (zabawny starszy z wąsami) Mac
36%
17. Jak się nazywa popisowa gra braci Amal? Trzy ślepe myszki
36%
37. Czym interesuje się trener black? Astronomią
35%
29. Z jakiego kraju pochodzą żelazne czołgi? Z Niemiec
34%
12. Szaleniec, który jest mistrzem gry głową, o kim mowa? El Ariette
33%
28. Jak się nazywa najlepszy bramkarz na świecie? De los santos
31%
8. Jak się nazywa maskotka supa strikas? Lenny błyskawica
29%
38. Jak się nazywa jego drużyna? Orion
29%
14. Jak się nazywa? Arystoteles
27%
15. Skąd pochodzi Ściana? Z Brysłowi
27%
7. Jak się nazywa starożytna technika, która pomogła shakerowi w meczu Z żelaznymi czołgami? Cuju
26%
(ma białe włosy) Lankey
24%
41. Jak nazywają się gracze rezerwowi? rezerwowy bramkarz Noah Murdoch
22%
34. czym go zatruł? skarpetą
22%
(jego imię kojarzy się z gruzem) Griz
19%
33. Kto zatruł wtedy el matadora? Dingan
18%
39. Kto zjadł czerwoną kartkę? Dooma
18%
44. W jakim klubie grał Wielki Bo w młodości Little Town
18%
25. A jaka jest piąta zasada według shakera? Zabawa (mówi o tym w odcinku koniec gry)
16%
27. Kto kiedyś grał w supa strikas ale teraz gra w innym zespole? Automatic
12%
32. Za jakiego inspektora przebiera się klaus? Inspektora von spektora
12%
21. Co spowodowało amnezje wielkiego bo? Skórka od banana
8%
35. Ulubiona muzyka Ściany? Klawa techniawa
7%
16. Jak ma na imię ojciec i siostra shakera? Jomo, nandi
6%
20. Dlaczego wielki bo był w więzieniu? Skazaniec do niego podobny go tam wsadził
4%
18. Dlaczego skarra nienawidzi shakera? Bo to on dołączył do supa strikas a nie on
3%
42. jak brzmiał tajny kod trenera, gdy został zawieszony przez wygaśniętą licencje? Każdy zapaśnik ląduje na macie, nie wszystkim dane jest wstać, w zespole siła, niestety nie trawię tej sytuacji
1%
24. Wymień 4 zasady piłki nożnej Umiejętności, trening, strategia, praca zespołowa
1%
26. Dlaczego to shaker dostał się do supa strikas a nie skarra? Próbował ratować graczy z drużyny w pociągu
0%
Nie znaleziono quizów pasujących do podanych kryteriów
Rozkład punktacji
Procent ludzi z każdym wynikiem
Percentyl według liczby udzielonych odpowiedzi
Twoja historia wyników
Nie rozwiązałeś tego quizu